=LDR 00000nam 2200000 4500 =001 INLIS000000000020117 =005 20130612115112 =008 ***********************************Ind** =035 ##$$0010-061300000020117 =041 ##$$a Ind =082 ##$$a 2x6.3 =090 ##$$a 2x6.3, Sid k =100 ##$$a Siddiqi, Muhammad Nejatullah =245 ##$$a Kegiatan akonomi dalam islam, oleh Muhammad Najatullah Siddiqi =260 ##$$a 2004 $b Jakarta =300 ##$$a ix, 152 hlm, ilus, 21 cm =650 ##$$a Ekonomi-Islam =850 ##$$a NBPNMAT